00408 2200157 4500245004900000020002200049250001300071100001800084700001600102005001900118260005200137041001400189084001100203300002700214336000900241 aThe Psychology Of MoneycMorgan HouselhText a978-602-6486-57-8 acet. XXI aMorgan Housel aDien Cahaya a20241014122954 aTanggerang SelatanbBentara Aksara Cahayac2022 aIndonesia a155.25 a232 hlm :cillus 22 cm atext